|
|
|
|
| LEADER |
00000naa2a2200000 4500 |
| 001 |
234359 |
| 005 |
20260130125654.0 |
| 035 |
|
|
|a (RuTPU)RU\TPU\book\255481
|
| 035 |
|
|
|a RU\TPU\book\255477
|
| 090 |
|
|
|a 234359
|
| 100 |
|
|
|a 20130322d2011 k y0rusy50 ca
|
| 101 |
0 |
|
|a rus
|
| 102 |
|
|
|a RU
|
| 135 |
|
|
|a drnn ---uucaa
|
| 181 |
|
0 |
|a i
|
| 182 |
|
0 |
|a b
|
| 200 |
1 |
|
|a Аттестация кристаллографической ориентации мезообъемов поли- и монокристаллов в исследованиях неоднородности деформации
|f Е. А. Алфёрова
|g науч. рук. Д. В. Лычагин
|
| 203 |
|
|
|a Текст
|c электронный
|
| 225 |
1 |
|
|a Материаловедение
|
| 300 |
|
|
|a Заглавие с титульного экрана
|
| 337 |
|
|
|a Adobe Reader
|
| 461 |
|
1 |
|0 (RuTPU)RU\TPU\book\255301
|t Современные техника и технологии
|o сборник трудов XVII международной научно-практической конференции студентов, аспирантов и молодых ученых, Томск, 18-22 апреля 2011 г
|o в 3 т.
|f Национальный исследовательский Томский политехнический университет (ТПУ)
|d 2011
|
| 463 |
|
1 |
|0 (RuTPU)RU\TPU\book\255307
|t Т. 2
|v [С. 93-94]
|d 2011
|
| 610 |
1 |
|
|a труды учёных ТПУ
|
| 610 |
1 |
|
|a электронный ресурс
|
| 610 |
1 |
|
|a аттестация
|
| 610 |
1 |
|
|a кристаллографическая ориентация
|
| 610 |
1 |
|
|a поликристаллы
|
| 610 |
1 |
|
|a монокристаллы
|
| 610 |
1 |
|
|a деформация
|
| 700 |
|
1 |
|a Алфёрова
|b Е. А.
|c специалист в области машиностроения
|c доцент Юргинского технологического института (филиала) Томского политехнического университета, кандидат физико-математических наук
|f 1982-
|g Екатерина Александровна
|3 (RuTPU)RU\TPU\pers\26530
|9 12224
|
| 702 |
|
1 |
|a Лычагин
|b Д. В.
|c российский учёный в области технологии машиностроения
|c профессор Юргинского технологического института (филиал) Томского политехнического университета
|g Дмитрий Васильевич
|3 (RuTPU)RU\TPU\pers\30564
|4 727
|
| 801 |
|
2 |
|a RU
|b 63413507
|c 20130416
|g RCR
|
| 856 |
4 |
|
|u http://www.lib.tpu.ru/fulltext/c/2011/C01/V02/043.pdf
|
| 942 |
|
|
|c CF
|